000 00277nam a22001337a 4500
008 170818b xxu||||| |||| 00| 0 eng d
020 _a003578019
041 _aeng
080 _22ND
_a51
100 _a37
101 _aMAT
245 _aALGEBRA
_cFLANDERS,H
942 _2udc
_cBK
999 _c24077
_d24077